000 00697nam a2200205Ia 4500
005 20260121110344.0
008 008 260114s9999 xx 000 0 hin d
020 _a9788132361510
037 _aEBOOK
040 _aCRL
_bhin
_cCRL
041 _ahin
_2hin
084 _qCRL
100 _aभरत कुमार शर्मा / Sanad Kumar
_9945170
245 0 _aयोग द्वारा आत्म शक्ति का विकास / Yog dwara aatma shakti ka vikas
260 _bभाषा प्रकाशन / Bhasha Prakashan
_c2021
856 _uhttps://bhashaprakashan.com/product-details/379102
942 _cEBOOK
999 _c1536834
_d1536834